OMS, série de rapports techniques; N.820 La procréation médicalement assistée,acquisitions récentes

Kaydedildi:
Detaylı Bibliyografya
Yazar: OMS
Materyal Türü: Kitap
Dil:Undetermined
Baskı/Yayın Bilgisi: Genève OMS 1992
Konular:
Etiketler: Etiketle
Etiket eklenmemiş, İlk siz ekleyin!
Thư viện lưu trữ: Trung tâm Học liệu Trường Đại học Cần Thơ
LEADER 00595nam a2200193Ia 4500
001 CTU_34673
008 210402s9999 xx 000 0 und d
082 |a 614 
082 |b O.68f/N.820 
100 |a OMS 
245 0 |a OMS, série de rapports techniques; N.820 
245 0 |b La procréation médicalement assistée,acquisitions récentes 
245 0 |c OMS 
260 |a Genève 
260 |b OMS 
260 |c 1992 
650 |a drug industry,drugs - standards,quality control 
904 |i Nguyễn Quang Điền, 991222 
980 |a Trung tâm Học liệu Trường Đại học Cần Thơ